000 00730nam a2200253Ia 4500
003 OSt
005 20221005043653.0
006 a|||||r|||| 00| 0
007 ta
008 221004b |||||||| |||| 00| 0 eng d
024 _a62948
037 _cTextual
040 _aCRL
_cCRL
_beng
041 _2eng
_aeng
082 _aV216aN75<-N62, L6
100 _aSatya Prakash Co.
_9419779
245 0 _aAndhra Pradesh
_b A select bibliography 1962-1975.
260 _aGurgaon
_bIndian Documentation Services
_c1976
300 _a175p.
_ccm.
490 _aIndian states bibliography series; 1
650 _aHISTORY
942 _hV216aN75<-N62, L6
_cTEXL
_2cc
999 _c952232
_d952232